000 00753nam a22002057a 4500
003 NUST-PNEC
005 20170114142457.0
008 140425b xxu||||| |||| 00| 0 eng d
020 _a0130607142
040 _cPNEC
082 _a004.165 BRE
100 _950
_aBrey, Barry B.
245 _aThe intel microprocessors:
_bArchitecture, Progarmming & Interfacing
_cBarry B. Brey
250 _a6th ed.
260 _aDelhi
_bPearson Education
_cc.2005.
300 _axiii, 776 p. :
_bill. :
_c24 cm.
500 _aIncludes index. http://www.amazon.com/Microprocessors-Pentium-Processor-Architecture-Programming/dp/0130607142/ref=sr_1_3?s=books&ie=UTF8&qid=1398428093&sr=1-3&keywords=the+intel+microprocessors+6th+edition
650 _xMIS
942 _2ddc
_cBK
999 _c60010
_d60010